Vocabulaire de cuisine - Statistiques

Statistiques générales
  • Ce quiz a été pris 70 fois
  • Le résultat moyen est 5 sur 14
Statistiques - réponses
Hint Réponse % Correct
Flexible, elle racle le chocolat fondu de la casserole. Maryse
75%
Comprend tout le monde de la cuisine, du commis au chef cuisinier. Brigade
63%
Plat romain avec guanciale et pecorino, mais sans crème fraîche. Carbonara
63%
Récupérer tous les bons sucs d'un plat grâce à une petite lichette de vin. Déglacer
54%
Saveur dont l'ajout permet d'équilibrer un plat trop amer. Sucré
54%
Ni solide, ni liquide, il se pose souvent sur la pâte à quiche. Appareil
46%
Que ce soit Le Creuset ou un autre fabricant, ce contenant supporte la plaque comme le four. Cocotte
38%
Partie du poulet que seules les personnes avisées prennent ; littéralement ! Sot-l'y-laisse
32%
Plonger un aliment délicatement dans un liquide frémissant. Pocher
23%
Préparer un moule pour accueillir la pâte, souvent avec les mêmes ingrédients que cette dernière. Chemiser
16%
Type de service dans lequel le serveur vous sert votre plat sur votre assiette déjà à table. À l'anglaise
13%
Tache épuisante permettant d'assaisonner sa verdure. Fatiguer
9%
Un ami de tout heure, pouvant éplucher, couper et piquer. Office de cuisine
5%
Chef et auteur de livres de cuisine, il est connu pour ses recettes végétariennes aux saveurs lévantines. Yotam Assaf Ottolenghi
5%
Aucun quiz correspondant
Distribution des résultats
% des personnes avec chaque résultat
Percentile par nombre de réponses
Votre historique - résultats
Vous n’avez pas pris ce quiz